| 000 | 00783nam a2200217 a 4500 | ||
|---|---|---|---|
| 001 | 000043915 | ||
| 005 | 20201002045037.0 | ||
| 008 | 140508s1975 sp 000 0 spa d | ||
| 020 | _a8450069319 | ||
| 040 |
_aDO-SdBNP _bspa _cBNPHU |
||
| 082 |
_axxxx _bxxxx |
||
| 100 | 1 |
_aAlarcón Caracuel, Manuel Ramón, _d1945- _971818 |
|
| 245 | 1 | 3 |
_aEl derecho de asociación obrera en España (1839-1900) / _cManuel R. Alarcón Caracuel. |
| 260 |
_aMadrid : _bRevista de Trabajo, _c1975. |
||
| 300 |
_a507 p ; _c20 cm. |
||
| 490 | 1 |
_aHistoria _v16 |
|
| 500 | _aIncluye referencias bibliográficas y notas al pie de las páginas | ||
| 500 | _aIncluye datos biográficos del autor en la solapa de la contracubierta | ||
| 504 | _aBibliografía : p. 485-490 | ||
| 830 | 0 |
_aHistoria ; _n16 _966978 |
|
| 999 |
_c43404 _d43404 |
||